Pays en M en 3 minutes - Statistiques

Statistiques générales
  • Ce quiz a été pris 404 fois
    355 depuis la dernière actualisation
  • Le résultat moyen est 11 sur 18
Statistiques - réponses
Hint Réponse % Correct
10 Mauritanie
82%
8 Maroc
79%
2 Madagascar
73%
1 Macédoine du Nord
70%
11 Mexique
70%
6 Mali
68%
14 Mongolie
68%
15 Monténégro
67%
13 Moldavie
66%
16 Mozambique
64%
18 Monaco
63%
5 Maldives
61%
3 Malaisie
60%
4 Malawi
57%
9 Maurice
54%
7 Malte
53%
12 Micronésie
38%
17 Myanmar (Birmanie)
22%
Aucun quiz correspondant
Distribution des résultats
% des personnes avec chaque résultat
Percentile par nombre de réponses
Votre historique - résultats
Vous n’avez pas pris ce quiz depuis la dernière actualisation